| 000 | 00610nam a2200217 i 4500 | ||
|---|---|---|---|
| 001 | bg | ||
| 100 | 1 | _aBEDNAREK, Marcin | |
| 245 | 0 |
_aWizualizacja procesów : _blaboratorium / _cMarcin Bednarek. |
|
| 260 |
_aRzeszów : _bOficyna Wydawnicza Politechniki Rzeszowskiej, _c2001. |
||
| 300 |
_a153, [2] s. : _brys. ; _c24 cm. |
||
| 504 | _aBibliogr. | ||
| 650 | 9 |
_aSterowanie _xautomatyzacja |
|
| 655 | _aPodręczniki akademickie | ||
| 020 | _a8371991924 | ||
| 040 | _cBPK | ||
| 041 | 0 | _apl | |
| 080 | _a62-5(075.8) | ||
| 920 | _a83-7199-192-4 | ||
| 942 | _cKS | ||
| 008 | s pl f |000 0 pol | ||
| 999 |
_c40236 _d40236 |
||
| 856 |
_uhttp://koha.tu.koszalin.pl/cgi-bin/koha/opac-detail.pl?biblionumber=40236 _yKatalog online BPK |
||